|
|
|
|
| LEADER |
01817cas a2200241 a 4500 |
| 001 |
AALejournalIMF017166 |
| 008 |
230101c9999 xx r poo 0 0eng d |
| 020 |
|
|
|c 5.00 USD
|
| 020 |
|
|
|z 9781475544169
|
| 022 |
|
|
|a 1020-8313
|
| 040 |
|
|
|a BD-DhAAL
|c BD-DhAAL
|
| 110 |
2 |
|
|a International Monetary Fund.
|b Research Dept.
|
| 245 |
1 |
0 |
|a IMF Research Bulletin, September 2016.
|
| 264 |
|
1 |
|a Washington, D.C. :
|b International Monetary Fund,
|c 2016.
|
| 300 |
|
|
|a 1 online resource (20 pages)
|
| 490 |
1 |
|
|a IMF Research Bulletin
|
| 500 |
|
|
|a <strong>Off-Campus Access:</strong> No User ID or Password Required
|
| 500 |
|
|
|a <strong>On-Campus Access:</strong> No User ID or Password Required
|
| 506 |
|
|
|a Electronic access restricted to authorized BRAC University faculty, staff and students
|
| 520 |
3 |
|
|a The September 2016 issue of the IMF Research Bulletin includes the following two Research Summaries: 'A New Look at Bank Capital' (by Jihad Dagher, Giovanni Dell'Ariccia, Luc Laeven, Lev Ratnovski, and Hui Tong) and 'Does Growth Create Jobs? Evidence for Advance and Developing Economies (by Zidong An, Nathalie Gonzalez Prieto, Prakash Loungani, and Saurabh Mishra). The Q and A article by Rabah Arezki discusses 'Seven Questions on Rethinking the Oil Market in the Aftermath of the 2014-16 Price Slump.' A listing of recent IMF Working Papers, Staff Discussion Notes, and Recommended Readings from IMF Publications are also included. Readers can also find an announcement on the 2016 Annual Research Conference and links to top cited 2015 articles in the IMF Economic Review.
|
| 538 |
|
|
|a Mode of access: Internet
|
| 830 |
|
0 |
|a IMF Research Bulletin; IMF Research Bulletin ;
|v No. 2016/003
|
| 856 |
4 |
0 |
|z Full text available on IMF
|u http://elibrary.imf.org/view/journals/026/2016/003/026.2016.issue-003-en.xml
|z IMF e-Library
|